Morning Sun.

Morning Sun attempts, in the space of two hours, to create an inner history of the Great Proletarian Cultural Revolution (c.1964-1976). It provides a multi-perspective view of a tumultuous period as seen through the eyes - and reflected in the hearts and minds - of members of the high-school generat...

Full description

Bibliographic Details
Corporate Author: Kanopy (Firm)
Format: Video
Language:Undetermined
Language Notes:In Chinese, Subtitles in English
Published: [San Francisco, California, USA] : Kanopy Streaming, 2015.
Subjects:
Online Access:Connect to this streaming video

MARC

Tag First Indicator Second Indicator Subfields
LEADER 00000cgm a2200000za 4500
001 in00003591521
006 m o c
007 vz uzazuu
007 cr una---unuuu
008 150908p20152003cau117 o vlund d
005 20260324181329.6
028 5 2 |a 1146283  |b Kanopy 
035 |a (CaSfKAN)kan1146283 
040 |a VDU  |b eng  |c VDU  |d UtOrBLW 
245 0 0 |a Morning Sun. 
264 1 |a [San Francisco, California, USA] :  |b Kanopy Streaming,  |c 2015. 
300 |a 1 online resource (streaming video file) 
306 |a Duration: 117 minutes 
336 |a two-dimensional moving image  |b tdi  |2 rdacontent 
337 |a computer  |b c  |2 rdamedia 
338 |a online resource  |b cr  |2 rdacarrier 
500 |a Title from title frames. 
518 |a Originally produced by Center for Asian American Media in 2003. 
520 |a Morning Sun attempts, in the space of two hours, to create an inner history of the Great Proletarian Cultural Revolution (c.1964-1976). It provides a multi-perspective view of a tumultuous period as seen through the eyes - and reflected in the hearts and minds - of members of the high-school generation that was born around the time of the founding of the People's Republic of China in 1949, and that came of age in the 1960s. However, the documentary is not a comprehensive or chronological history of the Cultural Revolution; nor is it a study of elite politics or of student factionalism. The film essays rather a psychological history, attempting a cinematic account of experiences and emotions represented by the people, events and ardor of the period. The directors create an epic collage of interviews and archival footage detailing the emotional topography of the time and the period's enduring legacy. 
538 |a Mode of access: World Wide Web. 
546 |a In Chinese, Subtitles in English 
500 |a Electronic resource. 
653 |a Asian and Middle Eastern Studies 
653 |a History - Modern 
655 7 |a Nonfiction films.  |2 lcgft  |0 http://id.loc.gov/authorities/genreForms/gf2011026423 
655 7 |a Internet videos.  |2 lcgft  |0 http://id.loc.gov/authorities/genreForms/gf2011026337 
700 1 |a Barmé, Geremie,  |e filmmaker.  |0 http://id.loc.gov/authorities/names/n80129292 
700 1 |a Gordon, Richard,  |e filmmaker.  |0 http://id.loc.gov/authorities/names/n84122826 
700 1 |a Hinton, Carma,  |e filmmaker.  |0 http://id.loc.gov/authorities/names/n88086236 
710 2 |a Kanopy (Firm)  |0 http://id.loc.gov/authorities/names/no2014091415 
856 4 0 |u http://proxy.library.tamu.edu/login?url=https://texasam.kanopystreaming.com/node/146284  |z Connect to this streaming video  |t 0 
999 f f |s c5686c97-fc7a-3c30-9f0c-cd01683d8d39  |i e8e8914e-3e76-37ff-93ac-3b122295991f  |t 0 
952 f f |a Texas A&M University  |b College Station  |c Electronic Resources  |s www_evans  |d Available Online  |t 0  |h No information provided 
998 f f |t 0  |l Available Online